000 00601nam a2200193Ia 4500
005 20250326141856.0
008 250326s9999 xx 000 0 und d
020 _a81-204-0389-4
037 _aTextbook
040 _aFMSL
_beng
_cFMSL
041 _aeng
_2eng
084 _aX:8D(Y31) M9
_qFMSL
100 _aDesai B M
_9230439
245 0 _aFramework for an integrative role of Rural ficial institution
_cDesai B M; Gupta R And Others
260 _aNew Delhi
_bNew Delhi, Oxfords & IBH Pub. co.
_c1989
300 _aix,224
942 _cTB
_hX:8D(Y31) M9
999 _c1292393
_d1292393